| 000 | 00771nam a22002657a 4500 | ||
|---|---|---|---|
| 001 | 7362 | ||
| 003 | FISKH | ||
| 005 | 20250710151008.0 | ||
| 008 | 250710b cb ||||| |||| 00| 0 eng d | ||
| 020 | _a9780531214428 | ||
| 040 |
_aFISKH _beng _cFISKH _dFISKH |
||
| 050 | _aGV182.9 .M55 | ||
| 082 | _a790.1 | ||
| 100 | _aMiller, Amanda | ||
| 245 |
_aThis is the way we play / _cby Amanda Miller |
||
| 260 |
_aNew York : _bChildren's Press, _c2010. |
||
| 300 |
_a24 pages : _bcolor illustrations ; _c21 cm |
||
| 505 | _aH | ||
| 520 | _aSimple text and photographs present information about how kids everywhere play. | ||
| 521 | 8 |
_a430
_bLexile |
|
| 521 | 8 |
_aH
_bRaz-Plus |
|
| 650 |
_aCulture _vSports _xGames |
||
| 942 |
_2ddc _cBK _n0 |
||
| 999 |
_c7362 _d7362 |
||